000 00441nam a2200169Ia 4500
003 GCL
008 140319s9999 xx 000 0 eng d
040 _aGCL /
_cGCL
082 0 4 _a570
_bK U
100 1 _aKINDERSLEY, DORLING
245 1 0 _aULTIMATE VISUAL DICTIONARY /
_cKINDERSLEY, DORLING
260 _a[S.N] :
_bDORLING KINDERSLEY
650 0 4 _aPHISICAL ANTHROPOLOGY
650 0 4 _aBIOLOGY
650 0 4 _aHUMAN BIOLOGY
942 _2ddc
_cBK
999 _c12601
_d12601